Statistics for Nigeria First Level Subdivisions

Click here to take the quiz!

General Stats

  • This quiz has been taken 94 times
  • The average score is 18 of 37

Answer Stats

States% Correct
Lagos
92%
Abuja
88%
Kano
77%
Edo
62%
Adamawa
58%
Enugu
58%
Kaduna
58%
Rivers
58%
Borno
54%
Cross River
54%
Delta
54%
Oyo
54%
Sokoto
54%
Benue
50%
Katsina
50%
Plateau
50%
Ekiti
46%
Kebbi
46%
Niger
46%
Ondo
46%
Zamfara
46%
Abia
42%
Akwa Ibom
42%
Bauchi
42%
Bayelsa
42%
Gombe
42%
Ogun
42%
Osun
42%
Imo
38%
Jigawa
38%
Anambra
35%
Taraba
35%
Yobe
35%
Ebonyi
31%
Kogi
31%
Kwara
31%
Nasarawa
31%

Score Distribution

Percentile by Number Answered

Percent of People with Each Score

Your Score History

You have not taken this quiz